| 000 | 00518nam a2200169Ia 4500 | ||
|---|---|---|---|
| 003 | IN-BaIIA | ||
| 008 | 211028s9999 xx 000 0 eng d | ||
| 040 | _cIIA Library | ||
| 080 |
_a52(083) _bPOS |
||
| 100 |
_aPostoev, A. I. _9955 |
||
| 245 | 0 |
_aTables for an approximative determination of time Latitude and azimuth with a plumbline _cA. I. Postoev |
|
| 260 |
_aLeningard _c1928 |
||
| 300 | _axi,42p | ||
| 650 | _aNASA Thesaurus | ||
| 650 |
_aTables _9956 |
||
| 942 | _cBK | ||
| 999 |
_c419 _d419 |
||